[Event "Copenhagen Challenge"]
[Site "Ballerup"]
[Date "2015.05.02"]
[Round "7"]
[White "Yildiz, Hasan"]
[Black "Klofsrud, August Kristiansen"]
[Result "1-0"]
[WhiteElo "1947"]
[BlackElo "1571"]
[PlyCount "75"]
[EventDate "2015.04.29"]
[EventType "swiss"]
[EventRounds "9"]
[EventCountry "DEN"]
[SourceTitle "CBM 166 Extra"]
[Source "ChessBase"]
[SourceDate "2015.06.18"]
[SourceVersion "1"]
[SourceVersionDate "2015.06.18"]
[SourceQuality "1"]

1. Nf3 c5 2. g3 g6 3. c3 Bg7 4. Bg2 Nc6 5. 0-0 d6 6. d3 Bd7 7. Re1 e6 8. e4 Nge7 9. Nbd2 0-0 10. Nc4 d5 11. Nd6 Qc7 12. Nb5 Qb6 13. Nd6 Qc7 14. Nb5 Qb6 15. Na3 Qc7 16. Rb1 a6 17. Bf4 Qd8 18. Bd6 dxe4 19. dxe4 b6 20. Qd2 Re8 21. Rbd1 Nc8 22. Bxc5 bxc5 23. Qxd7 Qxd7 24. Rxd7 Rb8 25. Nc4 Re7 26. Red1 Kf8 27. Bf1 Rxd7 28. Rxd7 Ke8 29. Rc7 N8e7 30. Nd6+ Kf8 31. Nb7 Ne5 32. Nd2 a5 33. f4 N5c6 34. Nb3 e5 35. N3xc5 Ke8 36. Bb5 Bf8 37. Nd6+ Kd8 38. Rd7# 1-0

[Event "Copenhagen Challenge"]
[Site "Ballerup"]
[Date "2015.04.30"]
[Round "3"]
[White "Andersen, Daniel"]
[Black "Klofsrud, August Kristiansen"]
[Result "1-0"]
[WhiteElo "1896"]
[BlackElo "1571"]
[PlyCount "79"]
[EventDate "2015.04.29"]
[EventType "swiss"]
[EventRounds "9"]
[EventCountry "DEN"]
[SourceTitle "CBM 166 Extra"]
[Source "ChessBase"]
[SourceDate "2015.06.18"]
[SourceVersion "1"]
[SourceVersionDate "2015.06.18"]
[SourceQuality "1"]

1. c4 c5 2. Nf3 Nf6 3. Nc3 Nc6 4. e3 d6 5. d4 Bd7 6. d5 Nb8 7. e4 g6 8. h3 Bg7 9. Be3 0-0 10. Qd2 a6 11. Bd3 e5 12. dxe6 fxe6 13. a4 Qe8 14. Bc2 Qe7 15. Rd1 Ne8 16. Bf4 e5 17. Nd5 Qf7 18. Ng5 exf4 19. Nxf7 Rxf7 20. Nxf4 Bh6 21. g3 Ng7 22. Qxd6 Bc6 23. Nd5 Nd7 24. Ne7+ Kh8 25. Nxc6 bxc6 26. Qxc6 Rd8 27. 0-0 Ne8 28. Rd3 Ne5 29. Qe6 Nf3+ 30. Kg2 Nd6 31. Rxf3 Rxf3 32. Kxf3 Rf8+ 33. Kg2 Nf7 34. Rd1 Kg8 35. Rd7 a5 36. Qd5 Bg7 37. Qxc5 Ne5 38. Rxg7+ Kxg7 39. Qxe5+ Kg8 40. c5 1-0

[Event "Fagernes Norsk op-B"]
[Site "Fagernes"]
[Date "2015.03.29"]
[Round "3"]
[White "Klofsrud, August Kristiansen"]
[Black "Pettersen, Joar Gullestad"]
[Result "1/2-1/2"]
[WhiteElo "1571"]
[BlackElo "1979"]
[PlyCount "98"]
[EventDate "2015.03.29"]
[EventType "swiss"]
[EventRounds "9"]
[EventCountry "NOR"]
[SourceTitle "EXT 2016"]
[Source "ChessBase"]
[SourceDate "2015.10.08"]
[SourceVersion "1"]
[SourceVersionDate "2015.10.08"]
[SourceQuality "1"]

1. d4 e6 2. c4 f5 3. Nc3 Nf6 4. Nf3 Bb4 5. Bg5 h6 6. Bd2 a5 7. g3 0-0 8. Bg2 Bxc3 9. Bxc3 Ne4 10. Qc2 d6 11. Nd2 Nxc3 12. Qxc3 Qf6 13. 0-0 Nd7 14. e4 c5 15. d5 Qxc3 16. bxc3 e5 17. exf5 Rxf5 18. Bh3 Rf8 19. Bxd7 Bxd7 20. Ne4 Ra6 21. Rab1 Bg4 22. Rfe1 Rf7 23. Re3 Bf3 24. Ree1 g5 25. Re3 Kf8 26. h3 Ke8 27. g4 Kd8 28. Nd2 e4 29. Nxe4 Bxe4 30. Rxe4 Kc7 31. Kg2 Ra8 32. Re6 Raf8 33. Rb2 Rh7 34. Rg6 Rf4 35. Re2 Rxc4 36. Re3 a4 37. a3 b5 38. Rf6 Rf4 39. Rxf4 gxf4 40. Re4 Rf7 41. Kf3 Kd7 42. h4 Rf8 43. Re6 Re8 44. Rxh6 b4 45. axb4 cxb4 46. cxb4 a3 47. Rh7+ Re7 48. Rh8 Re8 49. Rh7+ Re7 1/2-1/2

[Event "Fagernes Norsk op-B"]
[Site "Fagernes"]
[Date "2015.03.29"]
[Round "7"]
[White "Klofsrud, August Kristiansen"]
[Black "Warstad, Leif Edvin"]
[Result "1-0"]
[WhiteElo "1571"]
[BlackElo "1622"]
[PlyCount "71"]
[EventDate "2015.03.29"]
[EventType "swiss"]
[EventRounds "9"]
[EventCountry "NOR"]
[SourceTitle "EXT 2016"]
[Source "ChessBase"]
[SourceDate "2015.10.08"]
[SourceVersion "1"]
[SourceVersionDate "2015.10.08"]
[SourceQuality "1"]

1. d4 d5 2. c4 e6 3. Nf3 Nf6 4. Nc3 Be7 5. Bf4 c6 6. e3 Nbd7 7. c5 0-0 8. Bd3 b6 9. b4 Bb7 10. Qc2 Re8 11. Ng5 g6 12. h4 Nh5 13. g4 Nxf4 14. exf4 Bxg5 15. hxg5 Kg7 16. Kd2 f6 17. f5 gxf5 18. gxf5 e5 19. Qd1 e4 20. Qh5 Rh8 21. Qh6+ Kf7 22. g6+ Ke8 23. Qg7 Rf8 24. Rxh7 Rc8 25. Rh8 Qe7 26. Qh6 Rxh8 27. Qxh8+ Nf8 28. g7 Kd7 29. g8Q Ng6 30. Qe6+ Kc7 31. Qxe7+ Nxe7 32. Qg7 Kd7 33. Be2 Rg8 34. Qf7 Rg2 35. Rh1 Rxf2 36. Qe6+ 1-0

[Event "Fagernes Norsk op-B"]
[Site "Fagernes"]
[Date "2015.03.29"]
[Round "8"]
[White "Omtvedt, Per"]
[Black "Klofsrud, August Kristiansen"]
[Result "1-0"]
[WhiteElo "1919"]
[BlackElo "1571"]
[PlyCount "77"]
[EventDate "2015.03.29"]
[EventType "swiss"]
[EventRounds "9"]
[EventCountry "NOR"]
[SourceTitle "EXT 2016"]
[Source "ChessBase"]
[SourceDate "2015.10.08"]
[SourceVersion "1"]
[SourceVersionDate "2015.10.08"]
[SourceQuality "1"]

1. e4 e6 2. d4 d5 3. Nd2 Nf6 4. e5 Nfd7 5. Bd3 c5 6. c3 cxd4 7. cxd4 Nc6 8. Ne2 f6 9. exf6 Nxf6 10. Nf3 Bd6 11. Bf4 b6 12. 0-0 a5 13. Bb5 Qd7 14. Qa4 Bb7 15. Bxd6 Qxd6 16. Ne5 Rc8 17. Rac1 0-0 18. Bxc6 Ba6 19. Bb5 Bb7 20. Rxc8 Rxc8 21. Bd3 Ne4 22. Qd7 Qxd7 23. Nxd7 Nd6 24. Nxb6 Rb8 25. Nd7 Rd8 26. Nc5 Rb8 27. Nxe6 Bc6 28. b3 a4 29. Nc5 axb3 30. axb3 Nb5 31. Ra1 Rb6 32. Ra6 Rxa6 33. Nxa6 Kf7 34. Nb4 Bd7 35. Bxb5 Bxb5 36. Nc3 Bd7 37. Nbxd5 Be6 38. b4 Ke8 39. Nc7+ 1-0

[Event "Fagernes Norsk op-B"]
[Site "Fagernes"]
[Date "2015.03.29"]
[Round "6"]
[White "Yilmaz, Kazim"]
[Black "Klofsrud, August Kristiansen"]
[Result "1/2-1/2"]
[WhiteElo "1620"]
[BlackElo "1571"]
[PlyCount "75"]
[EventDate "2015.03.29"]
[EventType "swiss"]
[EventRounds "9"]
[EventCountry "NOR"]
[SourceTitle "EXT 2016"]
[Source "ChessBase"]
[SourceDate "2015.10.08"]
[SourceVersion "1"]
[SourceVersionDate "2015.10.08"]
[SourceQuality "1"]

1. c4 c5 2. Nf3 Nf6 3. Nc3 Nc6 4. g3 g6 5. Bg2 Bg7 6. 0-0 0-0 7. e3 d6 8. d4 cxd4 9. exd4 e6 10. Be3 Bd7 11. Rc1 Qe7 12. Re1 Rfc8 13. d5 Nd8 14. b3 a6 15. a4 e5 16. Bg5 Qf8 17. Qd2 Nh5 18. Qe2 f5 19. Bxd8 Qxd8 20. Red1 Qb6 21. Qa2 Re8 22. h4 f4 23. gxf4 Nxf4 24. a5 Qd8 25. Ne4 Bg4 26. Neg5 Nxg2 27. Kxg2 e4 28. Nd4 Bf3+ 29. Ndxf3 exf3+ 30. Nxf3 Re4 31. Re1 Rg4+ 32. Kf1 Qf6 33. Qe2 Rf8 34. Ng5 Rf4 35. Qe6+ Qxe6 36. Nxe6 Rxf2+ 37. Kg1 R8f5 38. Nxg7 1/2-1/2

[Event "Reykjavik op"]
[Site "Reykjavik"]
[Date "2015.03.17"]
[Round "9"]
[White "Stuhr, Finn"]
[Black "Klofsrud, August Kristiansen"]
[Result "1-0"]
[WhiteElo "1823"]
[BlackElo "1571"]
[PlyCount "87"]
[EventDate "2015.03.10"]
[EventType "swiss"]
[EventRounds "10"]
[EventCountry "ISL"]
[SourceTitle "CBM 165 Extra"]
[Source "ChessBase"]
[SourceDate "2015.04.21"]
[SourceVersion "1"]
[SourceVersionDate "2015.04.21"]
[SourceQuality "1"]

1. e4 e6 2. d4 d5 3. e5 c5 4. c3 Nc6 5. f4 Nge7 6. Nf3 Nf5 7. g4 Nfe7 8. Bd3 cxd4 9. cxd4 Bd7 10. 0-0 h5 11. f5 hxg4 12. fxe6 Bxe6 13. Ng5 Qd7 14. Be3 0-0-0 15. Nxf7 Bxf7 16. Rxf7 Qe8 17. Qxg4+ Kb8 18. Bf4 Ka8 19. e6 Rc8 20. Be3 Nb4 21. Qe2 Nec6 22. Bf5 Bd6 23. a3 Nxd4 24. Qf1 Bxh2+ 25. Kg2 Nxf5 26. Qxf5 Qa4 27. Bd2 Nc6 28. Nc3 Qa6 29. Rh1 Bd6 30. Rxh8 Rxh8 31. Qxd5 Rh2+ 32. Kg1 Bb8 33. Bf4 Bxf4 34. Rxf4 Rh8 35. Qc5 Qb6 36. Qxb6 axb6 37. Rf7 Re8 38. Nd5 Kb8 39. e7 Ka7 40. Rxg7 Kb8 41. Rf7 Ka7 42. Kf2 Kb8 43. Rf8 Nxe7 44. Rxe8+ 1-0

[Event "Reykjavik op"]
[Site "Reykjavik"]
[Date "2015.03.13"]
[Round "5"]
[White "Ontiveros, John"]
[Black "Klofsrud, August Kristiansen"]
[Result "0-1"]
[WhiteElo "1774"]
[BlackElo "1571"]
[PlyCount "64"]
[EventDate "2015.03.10"]
[EventType "swiss"]
[EventRounds "10"]
[EventCountry "ISL"]
[SourceTitle "CBM 165 Extra"]
[Source "ChessBase"]
[SourceDate "2015.04.21"]
[SourceVersion "1"]
[SourceVersionDate "2015.04.21"]
[SourceQuality "1"]

1. d4 Nf6 2. c4 e6 3. Nc3 Bb4 4. Qc2 c5 5. a3 Bxc3+ 6. Qxc3 cxd4 7. Qxd4 Nc6 8. Qc3 0-0 9. Nf3 d5 10. Bg5 d4 11. Nxd4 Qxd4 12. Bxf6 Qxf6 13. Qxf6 gxf6 14. h4 e5 15. Rc1 Be6 16. Rc3 Rfd8 17. g4 Kf8 18. g5 f5 19. Bg2 Rd4 20. Rb3 Rad8 21. 0-0 Na5 22. Rb5 b6 23. b3 Rxh4 24. Rxe5 Nxb3 25. Rb1 Nd2 26. Ra1 Nxc4 27. Rb5 Rg4 28. Rb4 Bd5 29. f3 Rxg5 30. Kf2 f4 31. Rh1 Ne3 32. Rh2 Bc4 0-1

[Event "Reykjavik op"]
[Site "Reykjavik"]
[Date "2015.03.11"]
[Round "3"]
[White "Chan, James"]
[Black "Klofsrud, August Kristiansen"]
[Result "1-0"]
[WhiteElo "2038"]
[BlackElo "1571"]
[PlyCount "49"]
[EventDate "2015.03.10"]
[EventType "swiss"]
[EventRounds "10"]
[EventCountry "ISL"]
[SourceTitle "CBM 165 Extra"]
[Source "ChessBase"]
[SourceDate "2015.04.21"]
[SourceVersion "1"]
[SourceVersionDate "2015.04.21"]
[SourceQuality "1"]

1. e4 e6 2. d4 d5 3. e5 c5 4. c3 Nc6 5. Nf3 Nge7 6. a3 cxd4 7. cxd4 Nf5 8. b4 Qb6 9. Bb2 Be7 10. Qd2 f6 11. Bd3 0-0 12. 0-0 Kh8 13. Bxf5 exf5 14. Nc3 a5 15. Nxd5 Qd8 16. Nxe7 Qxe7 17. exf6 Rxf6 18. d5 Rd6 19. Rfe1 Qf7 20. Qc3 Ne7 21. Qe5 Rd7 22. Ng5 Qg8 23. d6 Ng6 24. Qe8 Rd8 25. Nf7# 1-0

[Event "Reykjavik op"]
[Site "Reykjavik"]
[Date "2015.03.10"]
[Round "1"]
[White "Tolhuizen, Ludo"]
[Black "Klofsrud, August Kristiansen"]
[Result "1-0"]
[WhiteElo "2123"]
[BlackElo "1571"]
[PlyCount "87"]
[EventDate "2015.03.10"]
[EventType "swiss"]
[EventRounds "10"]
[EventCountry "ISL"]
[SourceTitle "CBM 165 Extra"]
[Source "ChessBase"]
[SourceDate "2015.04.21"]
[SourceVersion "1"]
[SourceVersionDate "2015.04.21"]
[SourceQuality "1"]

1. d4 d5 2. Nf3 Nf6 3. e3 c5 4. c3 Nc6 5. dxc5 Bg4 6. Nbd2 e6 7. b4 a5 8. Bb5 Be7 9. Bb2 0-0 10. a3 Ne5 11. Be2 Nxf3+ 12. Nxf3 Ne4 13. 0-0 Bf6 14. Qc2 Rc8 15. Nd4 Bxe2 16. Qxe2 b6 17. cxb6 Qxb6 18. Rfc1 Rc4 19. Rc2 Rfc8 20. Rac1 a4 21. Qd3 Nd6 22. Nf3 R8c6 23. Nd2 Qc7 24. Nxc4 Nxc4 25. e4 Bg5 26. exd5 Rd6 27. Re1 g6 28. Qg3 Qe7 29. Qg4 Nxb2 30. Rxb2 Rxd5 31. Rd1 Rf5 32. g3 h5 33. Qe2 h4 34. Qe4 hxg3 35. hxg3 Qa7 36. b5 Qb6 37. Qc6 Qxc6 38. bxc6 Rc5 39. Rd7 Rxc6 40. Rbb7 Bh6 41. Rxf7 Rxc3 42. Rfc7 Rxa3 43. Rb6 Ra2 44. Rb8+ 1-0

[Event "Oslo op-B"]
[Site "Oslo"]
[Date "2014.09.28"]
[Round "2"]
[White "Bjornsen, Magnus"]
[Black "Klofsrud, August Kristiansen"]
[Result "0-1"]
[WhiteElo "925"]
[BlackElo "1606"]
[PlyCount "76"]
[EventDate "2014.09.28"]
[EventType "swiss"]
[EventRounds "9"]
[EventCountry "NOR"]
[SourceTitle "EXT 2017"]
[Source "ChessBase"]
[SourceDate "2016.10.25"]
[SourceVersion "1"]
[SourceVersionDate "2016.10.25"]
[SourceQuality "1"]

1. e4 e6 2. Nf3 d5 3. e5 c5 4. c3 Nc6 5. d4 Nge7 6. Bd3 Bd7 7. Bf4 cxd4 8. cxd4 Qb6 9. Qd2 Nxd4 10. Nxd4 Qxd4 11. 0-0 Ng6 12. Bxg6 Qxd2 13. Nxd2 hxg6 14. Rac1 Be7 15. Nf3 f6 16. Rc7 b6 17. Rfc1 Rg8 18. Rb7 Bd8 19. exf6 gxf6 20. Bc7 Bc8 21. Rb8 Rxb8 22. Bxb8 Kd7 23. Bxa7 Bc7 24. Nd4 Ba6 25. Nc6 Ra8 26. b4 Bb7 27. b5 Bxc6 28. Bxb6 Bxb6 29. bxc6+ Kc7 30. Rc2 Ra5 31. Kf1 Rc5 32. Rxc5 Bxc5 33. Ke2 Kxc6 34. f3 e5 35. Kd3 f5 36. g4 e4+ 37. fxe4 dxe4+ 38. Ke2 fxg4 0-1

[Event "Oslo op-B"]
[Site "Oslo"]
[Date "2014.09.28"]
[Round "8"]
[White "Ondo, Shaun"]
[Black "Klofsrud, August Kristiansen"]
[Result "1-0"]
[WhiteElo "1730"]
[BlackElo "1606"]
[PlyCount "61"]
[EventDate "2014.09.28"]
[EventType "swiss"]
[EventRounds "9"]
[EventCountry "NOR"]
[SourceTitle "EXT 2017"]
[Source "ChessBase"]
[SourceDate "2016.10.25"]
[SourceVersion "1"]
[SourceVersionDate "2016.10.25"]
[SourceQuality "1"]

1. Nf3 c5 2. c4 Nc6 3. g3 g6 4. Bg2 Bg7 5. 0-0 Nf6 6. e3 d6 7. d4 cxd4 8. Nxd4 Nxd4 9. exd4 Qc7 10. Qb3 Rb8 11. c5 Nh5 12. Nc3 dxc5 13. Nd5 Qd6 14. dxc5 Qxc5 15. Be3 Qa5 16. Rac1 0-0 17. Nxe7+ Kh8 18. Nc6 bxc6 19. Qxb8 Be6 20. Qxa7 Qxa7 21. Bxa7 Ra8 22. Be3 Rxa2 23. b4 Rb2 24. Rfd1 h6 25. Bc5 Nf6 26. Bxc6 Ng4 27. b5 Ne5 28. Bd4 Bd7 29. Bxb2 Bxc6 30. Bxe5 Bxe5 31. bxc6 1-0

[Event "Fagernes Norsk op-B"]
[Site "Fagernes"]
[Date "2014.04.13"]
[Round "4"]
[White "Bentsen, Hakon"]
[Black "Klofsrud, August Kristiansen"]
[Result "1-0"]
[WhiteElo "2074"]
[BlackElo "1110"]
[PlyCount "85"]
[EventDate "2014.04.13"]
[EventType "swiss"]
[EventRounds "9"]
[EventCountry "NOR"]
[SourceTitle "EXT 2016"]
[Source "ChessBase"]
[SourceDate "2015.10.08"]
[SourceVersion "1"]
[SourceVersionDate "2015.10.08"]
[SourceQuality "1"]

1. e4 e6 2. d4 d5 3. Nd2 Nf6 4. e5 Nfd7 5. Bd3 c5 6. c3 Nc6 7. Ne2 Be7 8. 0-0 0-0 9. Nf3 Rb8 10. Bf4 b5 11. Ng3 b4 12. Rc1 a5 13. Re1 Qb6 14. Bb1 Ba6 15. Bg5 Qd8 16. h4 h6 17. Qc2 g6 18. Bxh6 Re8 19. h5 Bf8 20. hxg6 Bxh6 21. gxf7+ Kf8 22. fxe8Q+ Qxe8 23. Qh7 Bg7 24. Nh4 Ke7 25. Qxg7+ Kd8 26. Bg6 Qe7 27. Qxe7+ Kxe7 28. Nf3 b3 29. axb3 Rxb3 30. Rb1 c4 31. Bc2 Rb8 32. Ng5 Bb5 33. f4 a4 34. f5 Rg8 35. f6+ Kf8 36. Nxe6+ Kf7 37. Nc7 Nb6 38. Nf5 Na7 39. Nh6+ Kf8 40. Ne6+ Ke8 41. f7+ Ke7 42. fxg8Q Nc6 43. Qf7# 1-0

[Event "Fagernes Norsk op-B"]
[Site "Fagernes"]
[Date "2014.04.13"]
[Round "2"]
[White "Ghaderi, Arman K"]
[Black "Klofsrud, August Kristiansen"]
[Result "1/2-1/2"]
[WhiteElo "1843"]
[BlackElo "1110"]
[PlyCount "73"]
[EventDate "2014.04.13"]
[EventType "swiss"]
[EventRounds "9"]
[EventCountry "NOR"]
[SourceTitle "EXT 2016"]
[Source "ChessBase"]
[SourceDate "2015.10.08"]
[SourceVersion "1"]
[SourceVersionDate "2015.10.08"]
[SourceQuality "1"]

1. e4 e6 2. d4 d5 3. Nd2 c5 4. exd5 exd5 5. Be2 Nc6 6. Ngf3 Be7 7. 0-0 Nf6 8. dxc5 0-0 9. Nb3 Re8 10. c3 Bg4 11. h3 Bh5 12. Bg5 a5 13. Bxf6 Bxf6 14. Qd2 Rc8 15. Rad1 a4 16. Nbd4 Nxd4 17. cxd4 Rc7 18. Rfe1 Rce7 19. Ne5 Bxe5 20. Bxh5 Bc7 21. Bf3 Ba5 22. Rxe7 Bxd2 23. Rxe8+ Qxe8 24. Bxd5 Qe2 25. Bf3 Qd3 26. d5 Qd4 27. d6 g6 28. b4 axb3 29. axb3 Kf8 30. Bxb7 Qxc5 31. d7 Ke7 32. d8Q+ Kxd8 33. Rxd2+ Kc7 34. Bf3 Qc3 35. Ra2 Qc1+ 36. Kh2 Qf4+ 37. Kh1 1/2-1/2